MUSHROOMS CULTIVATION, NUTRITIONAL VALUE, MEDICINAL EFFECT, AND ENVIRONMENTAL IMPACT (Record no. 291168)

MARC details
000 -LEADER
fixed length control field 00495pam a2200157a 44500
008 - FIXED-LENGTH DATA ELEMENTS--GENERAL INFORMATION
fixed length control field 230405s1989 xxu||||| |||| 00| 0 eng d
041 ## - LANGUAGE CODE
Language code of text/sound track or separate title ENG
100 ## - MAIN ENTRY--PERSONAL NAME
Personal name CHANG SHU- TING
245 ## - TITLE STATEMENT
Title MUSHROOMS CULTIVATION, NUTRITIONAL VALUE, MEDICINAL EFFECT, AND ENVIRONMENTAL IMPACT
250 ## - EDITION STATEMENT
Edition statement 2ND Ed.
260 ## - PUBLICATION, DISTRIBUTION, ETC.
Place of publication, distribution, etc. BOCA TATAN
Name of publisher, distributor, etc. CRC PRESS TAYLOR & FRANCIS GROUP
Date of publication, distribution, etc. 1989
300 ## - PHYSICAL DESCRIPTION
Extent 451p.
440 ## - SERIES STATEMENT/ADDED ENTRY--TITLE
Title BHARATI GRAHAK BHANDAR, BILL NO. 4750, DT-27/04/2019
700 ## - ADDED ENTRY--PERSONAL NAME
Personal name MILES PHILIP
906 ## - LOCAL DATA ELEMENT F, LDF (RLIN)
a 2290
Holdings
Withdrawn status Lost status Damaged status Not for loan Collection Home library Current library Date acquired Total Checkouts Full call number Barcode Date last seen Date last checked out Price effective from Koha item type
          Loknete Mohanrao Kadam College of Agriculture, Kadegaon, Sangli Loknete Mohanrao Kadam College of Agriculture, Kadegaon, Sangli 21/09/2021 1 635.8 AGK-H-1991 03/07/2026 18/06/2026 17/04/2023 Book